ბათუმის შოთა რუსთაველის სახელმწიფო უნივერსიტეტის ბიბლიოთეკა

Сжигание горючих газов в топочных устройствах. (ბიბ.ჩანაწერი № 38217)

000 -LEADER
fixed length control field 00657nam a2200217Ia 4500
001 - CONTROL NUMBER
control field 4207
003 - CONTROL NUMBER IDENTIFIER
control field GE_BSU
008 - FIXED-LENGTH DATA ELEMENTS--GENERAL INFORMATION
fixed length control field 181216s||||||||xx |||||||||||||| ||und||
040 ## - CATALOGING SOURCE
Transcribing agency GE_BSU
080 ## - UNIVERSAL DECIMAL CLASSIFICATION NUMBER
Universal Decimal Classification number 621.6.028
100 ## - MAIN ENTRY--PERSONAL NAME
Personal name Лавров,Н.В. Попов,В.М.
245 ## - TITLE STATEMENT
Title Сжигание горючих газов в топочных устройствах.
245 ## - TITLE STATEMENT
Statement of responsibility, etc. Ред. В.В.Мурзаков.
260 ## - PUBLICATION, DISTRIBUTION, ETC.
Place of publication, distribution, etc. М.
260 ## - PUBLICATION, DISTRIBUTION, ETC.
Name of publisher, distributor, etc. Энергия.
260 ## - PUBLICATION, DISTRIBUTION, ETC.
Date of publication, distribution, etc. 1966.
300 ## - PHYSICAL DESCRIPTION
Extent 272 стр. 20 см.
300 ## - PHYSICAL DESCRIPTION
Accompanying material Табл.
653 ## - INDEX TERM--UNCONTROLLED
Uncontrolled term Сжигание горючих газов в топочных устройствах.
942 ## - ADDED ENTRY ELEMENTS (KOHA)
Koha item type წიგნი
ეგზემპლარები
Withdrawn status Lost status Damaged status Not for loan Date acquired Barcode Date last seen Price effective from Koha item type Public note
        2018-12-17 9434 2018-12-17 2018-12-17 წიგნი საცავი